| 000 | 00944cab a2200181 4500 | ||
|---|---|---|---|
| 001 | L129898 | ||
| 008 | 050603n2005 000 0 eng u | ||
| 035 | _a(Sirsi) u129898 | ||
| 041 | _aeng | ||
| 100 | _aWhitehead, Tony | ||
| 245 | _aNetwork error? | ||
| 260 | _c2005 | ||
| 490 | _aQS News | ||
| 520 | _aExamines the IT challenges facing businesses which are relocating to another premises or refurbishing their office space. Argues that IT is an often neglected area compared to other aspects of the redesign and that clients should try to use consultants with specialist move management skills which are introduced at an early stage in the transition process. With a brief cost breakdown of where the budget breakdown is in an office premises and an analysis of the Meteorological Office's relocation from Bracknell to Exeter. | ||
| 590 | _aIKA07062005 | ||
| 690 | _aMANAGEMENT-FACILITIES MANAGEMENT-BUSINESS RELOCATION | ||
| 942 | _n0 | ||
| 999 |
_c75330 _d75330 |
||